zpět

Detail výsledku týmu

Tony's Bar, Příbor

Datum a čas kvízu

27.5 Celkem bodů Celkový počet nahraných bodů na tomto kvízu bez doplňovacích otázek.
4. Pořadí na kvízu Konečné umístění týmu na tomto kvízu.

Zaznamenané odpovědi

# Otázka Odpověď Body Výsledky
1. Který vysoce postavený český p... Petr Pavel 1
2. Většina evropských zemí přešla... o Libanonu 1
3. Minulý týden bylo oznámeno, že... Bohumil Hrabal 1
4. Která zahraniční společnost, p... Tesla 0
5. Za čtyři roky téměř 18 milionů... Filip Chytil 0
6. V tomto tématu bude vaším úkol... Za humny je drak 0
7. Vyberte jméno, které patří do... A 1
8. Seřaďte následující hlášky pod... 1B 2D 3A 4C 1
9. Věta „Děda je hodný, ale překá... Na samotě u lesa, Komárek 1
10. Pěti slovy dokončete hlášku z... nebo se z toho zblázníš 1